Songs with places in the title - Statistics

General Stats
  • This quiz has been taken 12 times
  • The average score is 9 of 69
Answer Stats
Artist Song Title % Correct
Toto Africa
70%
The Mamas & The Papas California Dreamin'
60%
The Beach Boys California Girls
50%
Eagles Hotel California
50%
Tony Bennett I Left My Heart In San Francisco
50%
The Clash London Calling
50%
Ray Charles Georgia On My Mind
40%
Bob Seger Hollywood Nights
40%
Elliott Smith L.A.
40%
Billy Joel New York State of Mind
40%
Lynyrd Skynyrd Sweet Home Alabama
40%
Gladys Knight & The Pips Midnight Train to Georgia
30%
Van Halen Panama
30%
Miley Cyrus Party In The U.S.A.
30%
Bastille Pompeii
30%
George Ezra Budapest
20%
Kim Wilde Kids In America
20%
Will Smith Miami
20%
The Beach Boys Surfin' USA
20%
Billy Joel Vienna
20%
Billy Joel Allentown
10%
The Beatles Back In The U.S.S.R.
10%
The Excellents Coney Island Baby
10%
Kiss Detroit Rock City
10%
They Might Be Giants Istanbul
10%
The Beach Boys Kokomo
10%
Billy Joel Miami 2017 (I've Seen the Lights Go Out On Broadway)
10%
Beastie Boys No Sleep Till Brooklyn
10%
Billy Joel Say Goodbye to Hollywood
10%
Stan Getz The Girl From Ipanema
10%
Elvis Presley Viva Las Vegas
10%
The Offspring Walla Walla
10%
The Libertines You're My Waterloo
10%
Kenny Chesney Beer In Mexico
0%
Weezer Beverly Hills
0%
The Thrills Big Sur
0%
OutKast B.O.B.
0%
Bon Iver Calgary
0%
Katy Perry California Gurls
0%
2Pac California Love
0%
Ramones California Sun
0%
James Taylor Carolina In My Mind
0%
David Bowie China Girl
0%
The Doobie Brothers China Groove
0%
Red Hot Chili Peppers Dani California
0%
Train Drops of Jupiter
0%
Arctic Monkeys Fake Tales Of San Francisco
0%
The Notorious B.I.G. Going Back To Cali
0%
Billy Joel Goodnight Saigon
0%
Neutral Milk Hotel Holland 1945
0%
A Tribe Called Quest I Left My Wallet in El Segundo
0%
The Doors I Love L.A.
0%
Dropkick Murphys I'm Shipping Up To Boston
0%
Mike Posner I Took A Pill in Ibiza
0%
Bruce Springsteen Jersey Girl
0%
Bob Seger Katmandu
0%
The Strokes Machu Picchu
0%
Jimmy Buffett Margaritaville
0%
Train Meet Virginia
0%
Cake Mexico
0%
The Strokes New York City Cops
0%
The Chainsmokes Paris
0%
N.W.A. Straight Outta Compton
0%
The Vapors Turning Japanese
0%
Cornershop United States Of India
0%
America Ventura Hightway
0%
Shakira, Freshlyground Waka Waka (This Time for Africa)
0%
Marc Cohn Walking In Memphis
0%
Wreckless Eric Whole Wide World
0%
No matching quizzes found
Score Distribution
Percent of People with Each Score
Percentile by Number Answered
Your Score History
You have not taken this quiz